000 00503nam a2200169 i 4500
001 34744
003 ES-MaACL
005 20230906155004.0
007 t|
008 030207s1873 fr ||||1| fre d
100 1 _aBoissonnas, B.
_929876
245 1 4 _aUne famille pendant la guerre
_b: 1870-1871 /
_cB. Boissonnas.
260 _aParis :
_bJ. Hetzel et Cie,
_c1873 (
_fJ. Claye)
300 _aIII, 321 p. ;
_c19 cm.
650 4 _aGuerra franco-prusiana, 1870-1871.
_9136210
852 _aES-MaACL
_jC-2690
999 _c34744
_d34744